<?xml version="1.0" encoding="UTF-8"?>
<collection xmlns="http://www.loc.gov/MARC21/slim">
 <record>
  <leader>     na                 </leader>
  <controlfield tag="001">INLIS000000000019527</controlfield>
  <controlfield tag="005">20230110084202</controlfield>
  <datafield tag="035" ind1=" " ind2=" ">
   <subfield code="a">0010-0123000410</subfield>
  </datafield>
  <controlfield tag="007">ta</controlfield>
  <controlfield tag="008">230110                g          0 ind  </controlfield>
  <datafield tag="020" ind1=" " ind2=" ">
   <subfield code="a">978-979-29-5994-9</subfield>
  </datafield>
  <datafield tag="082" ind1=" " ind2=" ">
   <subfield code="a">650.1</subfield>
  </datafield>
  <datafield tag="084" ind1=" " ind2=" ">
   <subfield code="a">650.1 ADR l</subfield>
  </datafield>
  <datafield tag="100" ind1="0" ind2=" ">
   <subfield code="a">Adrian</subfield>
   <subfield code="e">Pengarang</subfield>
  </datafield>
  <datafield tag="245" ind1="1" ind2=" ">
   <subfield code="a">Ladang Duit dari Bisnis Bimbel :</subfield>
   <subfield code="b">Modal Minim Untung Besar</subfield>
  </datafield>
  <datafield tag="250" ind1=" " ind2=" ">
   <subfield code="a">I</subfield>
  </datafield>
  <datafield tag="300" ind1=" " ind2=" ">
   <subfield code="a">x + 134 halaman ;</subfield>
   <subfield code="c">25 Cm</subfield>
  </datafield>
  <datafield tag="650" ind1=" " ind2="4">
   <subfield code="a">Sukses Pribadi dalam Bisnis</subfield>
  </datafield>
  <datafield tag="700" ind1="0" ind2=" ">
   <subfield code="a">Eko Saputro</subfield>
   <subfield code="e">Pengarang</subfield>
  </datafield>
  <datafield tag="700" ind1="0" ind2=" ">
   <subfield code="a">Rio Ariantoko</subfield>
   <subfield code="e">Pengarang</subfield>
  </datafield>
  <datafield tag="700" ind1="0" ind2=" ">
   <subfield code="a">Rudy Wahyudi</subfield>
   <subfield code="e">Pengarang</subfield>
  </datafield>
  <datafield tag="504" ind1=" " ind2=" ">
   <subfield code="a">127-130 halaman</subfield>
  </datafield>
  <datafield tag="264" ind1=" " ind2=" ">
   <subfield code="a">Yogyakarta :</subfield>
   <subfield code="b">Andi Offset,</subfield>
   <subfield code="c">2016</subfield>
  </datafield>
  <datafield tag="336" ind1=" " ind2=" ">
   <subfield code="2">rdacontent</subfield>
   <subfield code="a">Teks</subfield>
  </datafield>
  <datafield tag="337" ind1=" " ind2=" ">
   <subfield code="2">rdamedia</subfield>
   <subfield code="a">Tanpa Perantara</subfield>
  </datafield>
  <datafield tag="338" ind1=" " ind2=" ">
   <subfield code="2">rdacarrier</subfield>
   <subfield code="a">Lembar</subfield>
  </datafield>
  <datafield tag="520" ind1=" " ind2=" ">
   <subfield code="a">Ladang Duit dari Bisnis Bimbel &#13;
&#13;
Bisnis bimbel terbilang sangat menggiurkan dan tidak boleh&#13;
dipandang sebelah mata. Sudah banyak pelaku bisnis dibidang ini&#13;
yang berhasil merain kesuksesan, meskipun tidak sedikit pula yang&#13;
mati suri, bahkan gulung tikar. Kesuksesan pebisnis bimbel bukan&#13;
hanya karena faktor keberuntungan belaka, melainkan karena mereka memang tahu cara mengelolanya dengan benar dan memiliki tip ampuh yang menyebabkan mereka keluar sebagai pemenang.&#13;
&#13;
Buku LADANG DUIT dari BISNIS BIMBEL : Modal MINIM Untung BESAR&#13;
ini dibuat memang sengaja ditulis oleh para praktis bisnis dibidang bimbel&#13;
yang ingin berbagi pengalaman mereka setelah sukses menjalankannya, sehingga apa yang dijelaskan dalam buku ini bukan hanya sekedar teori, melainkan hasil pengalaman bertahun-tahun para pelaku bisnis bimbel dalam membangun usaha mereka. Jika anda tertarik untuk menjalankan bisnis bimbel, mengapa tidak menjadikan buku ini sebagai panduan untuk memulainya.&#13;
&#13;
Penjelasan dalam buku ini sangat lengkap, bukan saja membahas tentang peluang mendirikan bisnis bimbel dan bagaimana cara memulainya, tetapi juga membahas tentang bagaimana cara mengembangkan bisnis tersebut selanjutnya. Kalau diibaratkan masakan, pembaca diberi wawasan tentang masakan yang lezat, bagaimana cara memasaknya, menyajikannya, bahkan memasarkannya, sehingga laku dan mendatangkan keuntungan.&#13;
&#13;
Silahkan mencoba resep jitu membangun usaha bimbel dalam buku ini.&#13;
Siapa tahu suatu saat anda menjadi salah satu pebisnis bimbel yang handal, seperti halnya para penulis buku ini.</subfield>
  </datafield>
  <datafield tag="990" ind1=" " ind2=" ">
   <subfield code="a">069504</subfield>
  </datafield>
  <datafield tag="990" ind1=" " ind2=" ">
   <subfield code="a">069505</subfield>
  </datafield>
  <datafield tag="990" ind1=" " ind2=" ">
   <subfield code="a">069506</subfield>
  </datafield>
 </record>
</collection>
